Four Star Ebert Movies - Sudden Death - Statistics

General Stats
  • This quiz has been taken 29 times
  • The average score is 4 of 16
Answers on the Grid
Answers color-coded by a green-red scale on the quiz's grid according to % correct below.
The Godfather
Schindler's List
Léon: The Professional
The Dark Knight
Requiem for a Dream
Die Hard
Pulp Fiction
Raiders of the Lost Ark
Back to the Future
Unforgiven
Beauty and the Beast
Terminator 2: Judgment Day
The Matrix
Goodfellas
No Country for Old Men
The Godfather Part II
Gladiator
Inception
The Usual Suspects
The Lion King
Halloween
Dead Poets Society
Avatar
Fight Club
Aliens
Speed
Iron Man
Catch Me If You Can
Platoon
The Thing
Full Metal Jacket
American Beauty
 
Answer Stats
Answer % Correct
Schindler's List
100%
The Godfather
100%
Pulp Fiction
39%
Unforgiven
39%
Goodfellas
30%
No Country for Old Men
30%
The Dark Knight
22%
American Beauty
17%
Platoon
13%
Raiders of the Lost Ark
13%
Halloween
9%
Avatar
4%
Beauty and the Beast
4%
Inception
0%
Iron Man
0%
Speed
0%
No matching quizzes found
Score Distribution
Percent of People with Each Score
Percentile by Number Answered
Your Score History
You have not taken this quiz